000 00690nam a22002537a 4500
003 0
005 20180726160444.0
008 0
010 _aA-710529
020 _c00.00
035 _aA-710529, A-712065
037 _bCen Lib/Ret
040 _aDPL
_bEN
_c0
082 _a301.153
_bBAK
100 _aBakshi, S.R.
_91667
245 _aGandhi and status of women /
_cby S.R. Bakshi
260 _bCtiterion publications
_aNew Delhi
_c1987
270 _bNew Delhi
_a136, Raja garden
_e110015
300 _a142p.
_c22cm(Hb)
500 _aIncludes index
650 _aSocial science
_920337
650 _aWomen empowernment
_920338
942 _2ddc
_cEN
_h301.153
_mBAK
999 _c127385
_d127385